000 00770nam a22002537a 4500
999 _c33199
_d33199
001 2226
003 CO-MdFUSB
005 20170823093537.0
008 170823t1968 e ||||| |||| 00| 0 eng d
020 _a0-85111-824-0
040 _aCO-MdFUSB
_bspa
_cCO-MdFUSB
_dCO-MdFUSBC
_erda
041 0 _aeng
082 0 4 _aG 222.3 C9721j
100 1 _aCundall, Arthur E. (Ernest)
_eautor
245 1 0 _aJudges and Ruth
_b : An introduction and commentary
_c/ Arthur E. Cundall, Leon Morris
264 4 _aLeicester, England :
_b InterVarsity,
_c©1968
300 _a318 Pag
336 _2rdacontent
_a1
_ba1
337 _2rdamedia
_a2
_b5
338 _2rdacarrier
_a2
_b5
653 _aBiblia A.T. - Jueces - Comentarios
653 _aBiblia A.T. - Rut - Comentarios
942 _cBK